LEADER 01280nam a2200265 i 4500 001 000000185610 003 CaOOAMICUS 005 20100209000000.0 008 100209s1918 it u000 u ita u 013 $a163630 040 $aSeMil$bita 100 1 $aFacchinetti, Vittorino,$c.$0(OLS)http://semarc/name/12360 245 10$aSiate amici! /$cP. Dott. Vittorino Facchinetti O. F. M. 260 $aRoma :$bTip. del Collegio S. Bonaventura,$c1918. 300 $aXV, 395 p., [4] p. di tav. ;$c20 cm. 490 0 $aBiblioteca di coltura francescana ;$v2. 500 $aIn mezzo al front : Con lettera di Giovanni Jörgensen e tre illustrazioni fuori testo. 600 04$aFrancesco : d'Assisi .$0(OLS)http://semarc/subject/1416 650 4$aAmicizia - Concezione cristiana.$0(OLS)http://semarc/subject/32278 650 4$aAmicizia - Concezione cristiana - Sec. 12.$0(OLS)http://semarc/subject/35044 830 0$aBiblioteca di coltura francescana ;$v2.$0(OLS)http://semarc/title/30666 850 $aSeMil 852 $aSeMil$W1$xVenegono$y1$m3F III 159$j136301$B136301$CSeMilBibl$Z2$F147841 $81 996 $6245$aSiate amici!$9(OLS)http://semarc/title/266777 996 $6260$aRoma :$bTip. del Collegio S. Bonaventura$9(OLS)http://semarc/publisher/35785 LEADER 01135nam a2200289 i 4500 001 000000114489 003 CaOOAMICUS 005 20030417000000.0 008 030417s1987 it u000 u ita u 013 $a87175 020 $a88-420-2916-5 040 $aSeMil$bita 100 1 $aPelikan, Jaroslav.$0(OLS)http://semarc/name/45142 240 10$aJesus Thorough the Centuries.$0(OLS)http://semarc/title/167372 245 10$aGesù nella storia /$cJaroslav Pelikan ; prefazione di Sergio Quinzio. 260 $aRoma ; Bari :$bLaterza,$c1987. 300 $a306 p. ;$c22 cm. 500 $aFondo Card. C.M. Martini. 650 4$aCristologia.$0(OLS)http://semarc/subject/173 700 1 $aQuinzio, Sergio,$d<1927-1996>.$0(OLS)http://semarc/name/2775 850 $aSeMil 852 $aSeMil$W1$xVenegono$y1$m2D II 227$j70057$B70057$CSeMilBibl$Z2$F101343 $81 941 1 $a4 961 $aOmaggio: Martini Card. Carlo Maria 996 $6020$a88-420-2916-5$9(OLS)http://semarc/number/97840 996 $6245$aGesù nella storia$9(OLS)http://semarc/title/167371 996 $6260$aRoma ; Bari :$bLaterza$9(OLS)http://semarc/publisher/30305